Intercommunalités du Tarn - Statistiques

Statistiques générales
  • Ce quiz a été pris 38 fois
  • Le résultat moyen est 6 sur 14
Statistiques - réponses
Nombres de Communes Intercommunalités % Correct
14 Communauté d'agglomération de Castres-Mazamet
91%
16 Communauté d'agglomération de l'Albigeois
91%
56 Gaillac Graulhet Agglomération
79%
31 Communauté de communes Carmausin-Ségala
58%
20 (dont 06 dans l'Hérault) Communauté de communes des Monts de Lacaune et de la Montagne du Haut Languedoc
55%
21 (dont 01 dans la Haute-Garonne) Communauté de communes Tarn-Agout
45%
09 Communauté de communes Thoré Montagne Noire
33%
11 Communauté de communes Centre Tarn
24%
26 Communauté de communes du Sor et de l'Agout
24%
14 Communauté de communes des Monts d'Alban et du Villefranchois
18%
28 Communauté de communes du Lautrecois-Pays d'Agout
18%
19 Communauté de communes Val 81
18%
16 Communauté de communes Sidobre Vals et Plateaux
15%
25 Communauté de communes du Cordais et du Causse
12%
Aucun quiz correspondant
Distribution des résultats
% des personnes avec chaque résultat
Percentile par nombre de réponses
Votre historique - résultats
Vous n’avez pas pris ce quiz